000 00754cam a2200241 4500500
005 20260329010132.0
041 _afre
042 _adc
100 1 0 _aBruckner, Pascal
_eauthor
245 0 0 _aPascal Bruckner : “Sempé aura créé une sorte de grotesque sublime”
260 _c2022.
500 _a44
690 _aAlain
690 _aBlaise Pascal
690 _aHumilité
690 _aMorale
690 _aPascal Bruckner
690 _aSempé
690 _aSpectacle
690 _aVanité
786 0 _nPhilosophie magazine - Hors séries | Hors-série Autome-Hiver 2022 | HS55 | 2022-10-01 | p. 7-7 | 2104-9246
856 4 1 _uhttps://shs.cairn.info/magazine-philosophie-magazine-2022-hs55-page-7?lang=fr&redirect-ssocas=7080
999 _c1849761
_d1849761